| 000 | 02104cam a22005054i 4500 | ||
|---|---|---|---|
| 003 | PE-LiUPU | ||
| 005 | 20250731173351.0 | ||
| 008 | 150706s1998 idu rb 000 0 spa d | ||
| 035 | _a(Sirsi) a48276 | ||
| 040 |
_aPE-LiUPU _bspa _cPE-LiUPU _erda |
||
| 049 | _aPRUA | ||
| 082 | 0 | 4 |
_a286.732 _bEM 6 _221 |
| 082 | 0 | 4 |
_a286.73205 _bEM _221 |
| 100 | 1 |
_aExley, Richard, _eautor. |
|
| 245 | 1 | 0 |
_aPeligros del poder / _cRichard Exley. |
| 264 | 1 |
_aNampa, Idaho : _bPacific Press Publishing Association, _c1998. |
|
| 300 |
_a110 páginas ; _c22 centímetros. |
||
| 336 |
_atext _2rdacontent |
||
| 337 |
_aunmediated _2rdamedia |
||
| 338 |
_avolume _2rdacarrier |
||
| 490 | 0 |
_aEdiciones Ministeriales ; _v6 |
|
| 504 | _aIncluye bibliografía. | ||
| 505 | 0 | _aLascivia: la batalla interior -- Cuando el bien se convierte en mal -- Amores de otoño -- Peligros del poder -- Rehabilitación y restauración -- Restauración del matrimonio -- Restauración del ministerio. | |
| 526 | _aSEG42 | ||
| 526 | _aSEG41 | ||
| 526 | _aSEG40 | ||
| 526 | _aSEG39 | ||
| 526 | _aP94 | ||
| 526 | _aP87 | ||
| 526 | _aP86 | ||
| 526 | _aP85 | ||
| 526 | _aP77 | ||
| 526 | _aP76 | ||
| 526 | _aP35 | ||
| 650 | 0 | 4 |
_aPastores _xConducta sexual _zEstados Unidos. |
| 942 |
_2ddc _cBOOK |
||
| 949 |
_a286.732 EM 6 _wDEWEY _c1 _i60986 _lCCODEBUL1 _mBUL _p10.00 _r0 _sY _tLIBRO _u2015-07-06 _xTEOLOGIA _zUNKNOWN _o.STAFF. Colección General |
||
| 949 |
_a286.732 EM 6 _wDEWEY _c2 _i60985 _lCCODEBUL1 _mBUL _p10.00 _r0 _sY _tLIBRO _u2015-07-06 _xTEOLOGIA _zUNKNOWN _o.STAFF. Colección General |
||
| 994 |
_aC0 _bPEPRU |
||
| 596 | _a1 4 | ||
| 999 |
_a286.732 EM 6 _wDEWEY _c50510 _i60985 _d50510 _e2017-11-15 _f2021-11-11 _g6 _lCCODEBUL1 _mBUL _n2 _p10.00 _q1 _r0 _sY _tBOOK _u2015-7-6 _xTEOLOGIA _PP35 _o.STAFF. Colección Teología |
||
| 999 |
_a286.73205 EM 6 _wDEWEY _c1 _iCW60986 _f2021-12-22 _g2 _lCCODECWL1 _mBWL _p10.00 _r0 _sY _tBOOK _u2015-7-6 _xWHITE _zUNKNOWN _o.STAFF. Centro White |
||
| 980 |
_81 _gALBERTO SANCHEZ Responsable de Automatización |
||